| 000 | 00895nam a2200277 i 4500 | ||
|---|---|---|---|
| 001 | bg | ||
| 100 | 1 | _aGUIONY, Jean | |
| 245 | 1 | 0 |
_aObniżyć koszty handlowe w przedsiębiorstwie / _cJean Guiony ; tł. z fr. Marian Egeman. |
| 246 |
_iTyt. oryg.: _aRéduire les cojuts commerciaux |
||
| 260 |
_aWarszawa : _b"Poltext", _c1994. |
||
| 300 |
_a189, [3] s. : _bwykr. ; _c24 cm. |
||
| 490 | 1 | _aFinanse, Zarządzanie, Rozwój | |
| 500 | _aOryg. : "Réduire les cojuts commerciaux" 1993. | ||
| 650 | 9 |
_aKalkulacja kosztów _xhandel |
|
| 650 | 9 |
_aPrzedsiębiorstwo _xhandel _xekonomika |
|
| 655 | _aPodręczniki | ||
| 700 | 1 |
_aEGEMAN, Marian. _eTł. |
|
| 830 | _aFinanse, Zarządzanie, Rozwój | ||
| 020 | _a8385366768 | ||
| 040 | _cBPK | ||
| 041 | 1 |
_apl _hfr |
|
| 080 | _a339.1:657.47:658.1/.5(07) | ||
| 920 | _a83-85366-76-8 | ||
| 942 | _cKS | ||
| 008 | s pl f |000 0 pol | ||
| 999 |
_c25295 _d25295 |
||
| 856 |
_uhttp://koha.tu.koszalin.pl/cgi-bin/koha/opac-detail.pl?biblionumber=25295 _yKatalog online BPK |
||